Trabajo en equipo: go team! (Registro nro. 1978)
[ vista simple ]
| 000 -CABECERA | |
|---|---|
| campo de control de longitud fija | 01453aam a2200433 4500 |
| 005 - FECHA Y HORA DE ACTUALIZACIÓN | |
| campo de control | 20241010160806.0 |
| 008 - LONGITUD FIJA | |
| campo de control de longitud fija | 150721b xxu||||| |||| 00| 0 spa d |
| 041 ## - IDIOMA | |
| Código de idioma del texto/pista de sonido o título separado | |
| 082 ## - CLASIFICACIÓN DECIMAL DEWEY | |
| Número de clasificación | 658.3 B639t |
| 100 ## - AUTOR PERSONAL | |
| Nombre de persona | Blanchard, Ken |
| 100 ## - AUTOR PERSONAL | |
| Nombre de persona | Randolph, Alan |
| 100 ## - AUTOR PERSONAL | |
| Nombre de persona | Grazier, Peter |
| 245 ## - TÍTULO PROPIAMENTE DICHO | |
| Título | Trabajo en equipo: go team! |
| 260 ## - PIE DE IMPRENTA | |
| Lugar de publicación, distribución, etc. | España |
| Nombre del editor, distribuidor, etc. | Deusto |
| Fecha de publicación, distribución, etc. | 2006 |
| 300 ## - DESCRIPCIÓN FÍSICA | |
| Extensión | 170 páginas |
| 650 ## - Materia General | |
| Materia general | ADMINISTRACIÓN DE PERSONAL |
| 650 ## - Materia General | |
| Materia general | TRABAJO EN EQUIPO |
| 650 ## - Materia General | |
| Materia general | PAPEL DEL LIDER EN EL EQUIPO |
| 650 ## - Materia General | |
| Materia general | PASOS HACIA EL TRABAJO EN EQUIPO |
| 650 ## - Materia General | |
| Materia general | EMPEZAR A APRENDER HABILIDADES |
| 650 ## - Materia General | |
| Materia general | DOMINAR HABILIDADES |
| 650 ## - Materia General | |
| Materia general | GRUPOS DE TRABAJO |
| 650 ## - Materia General | |
| Materia general | LOS LÍMITES |
| 650 ## - Materia General | |
| Materia general | COMO ACTUAR EN EQUIPO |
| 650 ## - Materia General | |
| Materia general | MISIÓN DEL EQUIPO |
| 650 ## - Materia General | |
| Materia general | TRABAJO EN EQUIPO UNA APTITUD EMPRESARIAL NECESARIA |
| 650 ## - Materia General | |
| Materia general | AMPLIAR LÍMITES PARA PROMOVER UNA MAYOR LIBERTAD DE ACCIÓN |
| 650 ## - Materia General | |
| Materia general | IMPORTANCIA DE LOS OBJETIVOS DEL EQUIPO |
| 650 ## - Materia General | |
| Materia general | TOMAR DECISIONES EN EQUIPO |
| 650 ## - Materia General | |
| Materia general | PROCESO DE RESOLUCIÓN DE CONFLICTOS |
| 650 ## - Materia General | |
| Materia general | QUE HACE QUE LOS EQUIPOS TENGAN ÉXITO O FRACASO |
| 650 ## - Materia General | |
| Materia general | DOMINAR HABILIDADES |
| 650 ## - Materia General | |
| Materia general | USO DE LA INFORMACIÓN |
| 650 ## - Materia General | |
| Materia general | DETERMINAR INFORMAIÓN NECESARIA |
| 650 ## - Materia General | |
| Materia general | REEMPLAZO DE LÍMITES POR VISIÓN Y VALORES |
| 650 ## - Materia General | |
| Materia general | VSIÓN, MISIÓN Y VALORES |
| 650 ## - Materia General | |
| Materia general | EVALUACIÓN DEL EQUIPO |
| 942 ## - Punto de Acceso Adicional Koha | |
| Tipo de ítem Koha | Libro |
| Estado perdido | Fuente de clasificación o esquema de estantería | Estado dañado | No para préstamo | Biblioteca permanente | Biblioteca actual | Signatura completa | Código de barras | Precio efectivo a partir del | Programa Académico | Tipo de ítem |
|---|---|---|---|---|---|---|---|---|---|---|
| Dewey Decimal Classification | Departamento de Biblioteca y Documentación Alfonso Chase Brenes | Departamento de Biblioteca y Documentación Alfonso Chase Brenes | 658.3 B639t | 11378 | 23/08/2016 | Libro |